[Event "15PCR_F"]
[Site "?"]
[Date "2006.??.??"]
[Round "?"]
[White "Kratochvil, Vaclav"]
[Black "Prchly, Milos"]
[Result "1/2-1/2"]
[WhiteElo "2191"]
[BlackElo "2269"]
[PlyCount "59"]
[EventDate "2006.??.??"]
[SourceDate "2006.08.10"]

1. e4 e5 2. Nf3 Nf6 3. d4 Nxe4 4. Bd3 d5 5. Nxe5 Bd6 6. O-O O-O 7. c4 Bxe5 8.
dxe5 Nc6 9. Bf4 Be6 10. Na3 Nc5 11. cxd5 Qxd5 12. Bb5 a6 13. Qxd5 Bxd5 14. Rac1
Ne6 15. Bxc6 Bxc6 16. Be3 Rad8 17. Rfd1 h5 18. Nc2 Kh7 19. f3 Kg6 20. Kf2 Kf5
21. Bd4 Rd7 22. Bc3 Rfd8 23. Rxd7 Rxd7 24. Ne3+ Kg6 25. Rd1 Rxd1 26. Nxd1 h4
27. Ke3 Ng5 28. f4 Ne4 29. Be1 h3 30. g4 1/2-1/2

[Event "15PCR_F"]
[Site "?"]
[Date "2006.??.??"]
[Round "?"]
[White "Juhasz, Jozef"]
[Black "Kotrc, Michal"]
[Result "1/2-1/2"]
[WhiteElo "2162"]
[BlackElo "2204"]
[PlyCount "86"]
[EventDate "2006.??.??"]
[SourceDate "2006.08.10"]

1. e4 c6 2. d4 d5 3. e5 Bf5 4. Nf3 e6 5. Be2 Ne7 6. O-O h6 7. Be3 Nd7 8. Nbd2
c5 9. dxc5 Nc6 10. c4 Bxc5 11. cxd5 exd5 12. Bxc5 Nxc5 13. Nb3 Ne6 14. Bb5 Bg4
15. Rc1 Rc8 16. Nc5 Bxf3 17. Nxe6 Bxd1 18. Nxd8 Kxd8 19. Rcxd1 Ne7 20. f4 Rc5
21. a4 Nc6 22. Rc1 Rxc1 23. Rxc1 Kc7 24. b4 Kb6 25. Bxc6 bxc6 26. Kf2 Re8 27.
Ke3 g5 28. Kd4 gxf4 29. a5+ Kb5 30. Rc5+ Kxb4 31. Rxc6 Re6 32. Kxd5 Rxc6 33.
Kxc6 Kxa5 34. Kd6 Kb6 35. Ke7 a5 36. Kxf7 a4 37. e6 a3 38. e7 a2 39. e8=Q a1=Q
40. Qe6+ Kc7 41. h4 Qd1 42. Qe5+ Kb6 43. Qxf4 Qd5+ 1/2-1/2

[Event "15PCR_F"]
[Site "?"]
[Date "2006.??.??"]
[Round "?"]
[White "Paulik, Vaclav"]
[Black "Popelka, Miloslav"]
[Result "0-1"]
[WhiteElo "2160"]
[BlackElo "2147"]
[PlyCount "58"]
[EventDate "2006.??.??"]
[SourceDate "2006.08.10"]

1. e4 c5 2. d4 cxd4 3. Nf3 d6 4. Nxd4 Nf6 5. Nc3 a6 6. f3 Qb6 7. Nb3 e6 8. Bf4
Be7 9. Qd2 Nbd7 10. O-O-O Ne5 11. h4 Qc7 12. h5 h6 13. Qf2 O-O 14. Qg3 Kh8 15.
a4 b6 16. Qf2 Bd7 17. g4 b5 18. axb5 axb5 19. g5 hxg5 20. Bxe5 dxe5 21. h6 g6
22. Bxb5 Rfb8 23. Qe2 Bxb5 24. Nxb5 Qb6 25. Nc3 Nh5 26. Qc4 g4 27. Kb1 g3 28.
Rhg1 Qa7 29. f4 Rc8 0-1

[Event "15PCR_F"]
[Site "?"]
[Date "2006.??.??"]
[Round "?"]
[White "Batka, Josef"]
[Black "Popelka, Miloslav"]
[Result "0-1"]
[WhiteElo "2260"]
[BlackElo "2147"]
[PlyCount "94"]
[EventDate "2006.??.??"]
[SourceDate "2006.08.10"]

1. e4 c5 2. c3 Nf6 3. e5 Nd5 4. d4 cxd4 5. Nf3 e6 6. cxd4 d6 7. Bc4 Nc6 8. O-O
Be7 9. Qe2 O-O 10. Nc3 Nxc3 11. bxc3 dxe5 12. dxe5 Qa5 13. Qe4 Rd8 14. Bd3 g6
15. Bb2 Qd5 16. Rfd1 Qxe4 17. Bxe4 Bd7 18. Bc1 Rac8 19. Be3 b6 20. Rd3 Na5 21.
Rad1 Ba4 22. Rxd8+ Bxd8 23. Rd4 Be8 24. Bd3 Be7 25. Bd2 Kg7 26. Kf1 b5 27. Ke2
a6 28. Be4 Nc4 29. Bc1 Nb6 30. Bg5 Bxg5 31. Nxg5 Na4 32. c4 bxc4 33. Kd2 h6 34.
Nh3 Rc5 35. f4 Nb6 36. Kc2 Ba4+ 37. Kb2 c3+ 38. Kc1 Rb5 39. Bc6 Ra5 40. Bxa4
Nxa4 41. Rc4 Nb6 42. Rxc3 Rxa2 43. Rc2 Ra1+ 44. Kd2 Nd5 45. g3 Rh1 46. Nf2 Rxh2
47. Ke2 g5 0-1

[Event "15PCR_F"]
[Site "?"]
[Date "2006.??.??"]
[Round "?"]
[White "Pytlik, Lesek"]
[Black "Koci, Vladimir"]
[Result "1-0"]
[WhiteElo "2403"]
[BlackElo "2178"]
[PlyCount "55"]
[EventDate "2006.??.??"]
[SourceDate "2006.08.10"]

1. e4 c5 2. Nf3 d6 3. d4 cxd4 4. Nxd4 Nf6 5. Nc3 g6 6. Be3 Bg7 7. f3 O-O 8. Qd2
Nc6 9. O-O-O Nxd4 10. Bxd4 Be6 11. Kb1 Rc8 12. g4 Qa5 13. Nd5 Qxd2 14. Nxe7+
Kh8 15. Rxd2 Rc7 16. g5 Ne8 17. Nd5 Bxd5 18. Bxg7+ Kxg7 19. Rxd5 Rc5 20. Rxc5
dxc5 21. Bc4 f6 22. Rd1 fxg5 23. Rd7+ Kh6 24. Rd8 Kg7 25. e5 b5 26. Rd7+ Kh6
27. Bxb5 Rxf3 28. Rxa7 1-0

[Event "15PCR_F"]
[Site "?"]
[Date "2006.??.??"]
[Round "?"]
[White "Kratochvil, Vaclav"]
[Black "Postl, Rostislav"]
[Result "0-1"]
[WhiteElo "2191"]
[BlackElo "2314"]
[PlyCount "100"]
[EventDate "2006.??.??"]
[SourceDate "2006.08.10"]

1. e4 e5 2. Nf3 Nf6 3. d4 Nxe4 4. Bd3 d5 5. Nxe5 Nd7 6. Qe2 Nxe5 7. Bxe4 dxe4
8. Qxe4 Bf5 9. Qxe5+ Qe7 10. c3 Qxe5+ 11. dxe5 O-O-O 12. Bf4 Rg8 13. Nd2 g5 14.
Bg3 Be7 15. O-O-O h5 16. h4 gxh4 17. Bxh4 Bxh4 18. Rxh4 Rxg2 19. Rxh5 Rxf2 20.
Rg5 b6 21. Rg7 Rd7 22. a3 Kb7 23. Rg5 a5 24. Rg7 a4 25. Rg5 Rd5 26. Rg7 Bg6 27.
e6 Bh5 28. e7 Re2 29. Rh7 Rxe7 30. Rh1 Bg6 31. R7h2 c5 32. Rd1 Re6 33. Nf3 Kc6
34. Rf2 Rxd1+ 35. Kxd1 Kd5 36. Ng5 Rd6 37. Kc1 f6 38. Rd2+ Kc6 39. Nh3 Be4 40.
Re2 f5 41. Ng5 Bd5 42. Rf2 Bb3 43. Rf1 Kd7 44. Nh3 Ke7 45. Ng5 b5 46. Nf3 Kf6
47. Nd2 Re6 48. Nxb3 axb3 49. Kd2 Re4 50. Rh1 c4 0-1

[Event "15PCR_F"]
[Site "?"]
[Date "2006.??.??"]
[Round "?"]
[White "Strnad, Martin"]
[Black "Hrubcik, Martin"]
[Result "1/2-1/2"]
[WhiteElo "2241"]
[BlackElo "2199"]
[PlyCount "43"]
[EventDate "2006.??.??"]
[SourceDate "2006.08.10"]

1. e4 c6 2. d4 d5 3. Nd2 dxe4 4. Nxe4 Bf5 5. Ng3 Bg6 6. h4 h6 7. Nf3 Nd7 8. h5
Bh7 9. Bd3 Bxd3 10. Qxd3 e6 11. Bf4 Ngf6 12. O-O-O Be7 13. Kb1 O-O 14. Ne4 Nxe4
15. Qxe4 Nf6 16. Qe2 Qd5 17. Ne5 Qe4 18. Qxe4 Nxe4 19. Rhe1 Nf6 20. g4 Rfd8 21.
c4 c5 22. dxc5 1/2-1/2

[Event "15PCR_F"]
[Site "?"]
[Date "2006.??.??"]
[Round "?"]
[White "Postl, Rostislav"]
[Black "Batka, Josef"]
[Result "1/2-1/2"]
[WhiteElo "2314"]
[BlackElo "2260"]
[PlyCount "112"]
[EventDate "2006.??.??"]
[SourceDate "2006.08.10"]

1. d4 Nf6 2. Nf3 e6 3. c4 d5 4. Nc3 Bb4 5. e3 O-O 6. Bd3 c5 7. O-O Nc6 8. a3
Bxc3 9. bxc3 b6 10. Ne5 Bb7 11. f4 dxc4 12. Nxc4 Ne7 13. Bb2 Be4 14. Ne5 Qc7
15. a4 Nf5 16. Re1 Rad8 17. Ba3 Qb7 18. Bf1 Nd5 19. Qd2 Rc8 20. c4 Nf6 21. g4
Nh4 22. Qf2 Ng6 23. g5 Nxe5 24. fxe5 Nd7 25. Bb2 f6 26. exf6 Nxf6 27. Qh4 Nd7
28. Bh3 Rce8 29. Red1 Qc6 30. a5 Bf3 31. Rd2 Rf7 32. Rf1 cxd4 33. Qxd4 Nc5 34.
Qe5 Qe4 35. Rd6 Qg6 36. axb6 Qh5 37. g6 Qxg6+ 38. Qg3 Qxg3+ 39. hxg3 axb6 40.
Rxb6 Be2 41. Rxf7 Kxf7 42. Ba3 Rc8 43. Bxc5 Rxc5 44. Bxe6+ Ke7 45. Bg8 Bxc4 46.
Bxh7 Rb5 47. Rxb5 Bxb5 48. Be4 Kf6 49. Ba8 Ke5 50. Kf2 Bd3 51. Kg2 Bf5 52. Kf3
Be6 53. Bb7 g5 54. Kg2 Bf5 55. Kf2 Bg4 56. Ke1 Bf5 1/2-1/2

[Event "15PCR_F"]
[Site "?"]
[Date "2006.??.??"]
[Round "?"]
[White "Pecina, Pavel"]
[Black "Kratochvil, Vaclav"]
[Result "1-0"]
[WhiteElo "2258"]
[BlackElo "2191"]
[PlyCount "61"]
[EventDate "2006.??.??"]
[SourceDate "2006.08.10"]

1. e4 c5 2. Nf3 e6 3. d4 cxd4 4. Nxd4 Nc6 5. Nc3 a6 6. Nxc6 bxc6 7. Bd3 d5 8.
O-O Nf6 9. Bf4 Bb7 10. Qf3 Nd7 11. Qg3 h5 12. h3 h4 13. Qg4 Qb6 14. a4 Qxb2 15.
Nxd5 cxd5 16. Rab1 Qf6 17. Rxb7 Nc5 18. Rc7 dxe4 19. Bc4 Be7 20. Rxe7+ Qxe7 21.
Qxg7 Rh5 22. Rd1 Qf8 23. Qb2 Qh8 24. Qb6 Rc8 25. Bd6 Qf6 26. Bb5+ axb5 27.
Qxb5+ Nd7 28. Qxh5 Rxc2 29. Kh2 Rc6 30. Kh1 e3 31. fxe3 1-0

[Event "15PCR_F"]
[Site "?"]
[Date "2006.??.??"]
[Round "?"]
[White "Hrdy, Roman"]
[Black "Postl, Rostislav"]
[Result "1/2-1/2"]
[WhiteElo "2260"]
[BlackElo "2314"]
[PlyCount "100"]
[EventDate "2006.??.??"]
[SourceDate "2006.08.10"]

1. e4 e5 2. Nf3 Nf6 3. Nxe5 d6 4. Nf3 Nxe4 5. d4 d5 6. Bd3 Bd6 7. O-O O-O 8. c4
c6 9. Qc2 Na6 10. a3 Bg4 11. Ne5 Bxe5 12. dxe5 Nac5 13. f3 Nxd3 14. Qxd3 Nc5
15. Qd4 Nb3 16. Qxg4 Nxa1 17. Bh6 g6 18. Bxf8 Qxf8 19. b4 Nc2 20. Qf4 a5 21. c5
axb4 22. axb4 Ra4 23. Qd2 Nxb4 24. Qd4 b5 25. cxb6 c5 26. Qh4 c4 27. Nc3 Ra6
28. Qd4 Qb8 29. b7 Qxb7 30. Rb1 h6 31. f4 Ra3 32. h3 Rb3 33. Rc1 Nd3 34. Rf1
Qb6 35. Qxb6 Rxb6 36. Nxd5 Rb5 37. Nf6+ Kg7 38. Ne4 Rd5 39. g3 Rd4 40. Nc3 g5
41. fxg5 hxg5 42. Rf5 g4 43. hxg4 Rxg4 44. Kg2 Rd4 45. Kf3 Rd7 46. Rg5+ Kf8 47.
Rh5 Ke7 48. Ne2 Nc5 49. Rh4 Rd3+ 50. Kf2 Ra3 1/2-1/2

[Event "15PCR_F"]
[Site "?"]
[Date "2006.??.??"]
[Round "?"]
[White "Batka, Josef"]
[Black "Hrdy, Roman"]
[Result "1/2-1/2"]
[WhiteElo "2260"]
[BlackElo "2260"]
[PlyCount "85"]
[EventDate "2006.??.??"]
[SourceDate "2006.08.10"]

1. e4 c5 2. c3 d5 3. exd5 Qxd5 4. d4 Nf6 5. Nf3 e6 6. Be2 Nc6 7. O-O cxd4 8.
cxd4 Be7 9. Nc3 Qd6 10. Bg5 O-O 11. Rc1 Nd5 12. Bd3 Bxg5 13. Nxg5 h6 14. Bh7+
Kh8 15. Bb1 Nf6 16. Nf3 Bd7 17. Qd3 Nb4 18. Qe3 Bc6 19. Ne5 Rad8 20. a3 Nbd5
21. Nxd5 Qxd5 22. Nxc6 bxc6 23. b4 Qxd4 24. Qxd4 Rxd4 25. Rxc6 Rfd8 26. Rc7 Rd1
27. Bc2 R1d7 28. Rc5 Rd2 29. h3 g5 30. g3 Kg7 31. Re1 g4 32. h4 R8d6 33. Kf1
R2d4 34. Rc7 Rd7 35. Rxd7 Nxd7 36. Re4 Rxe4 37. Bxe4 f5 38. Bc2 Kf6 39. Ke2 Ke5
40. Bb3 Kd6 41. Kd3 Nb6 42. Kd4 e5+ 43. Kd3 1/2-1/2

[Event "15PCR_F"]
[Site "?"]
[Date "2006.??.??"]
[Round "?"]
[White "Hrdy, Roman"]
[Black "Hrubcik, Martin"]
[Result "1-0"]
[WhiteElo "2260"]
[BlackElo "2199"]
[PlyCount "75"]
[EventDate "2006.??.??"]
[SourceDate "2006.08.10"]

1. e4 c5 2. Nf3 d6 3. d4 cxd4 4. Nxd4 Nf6 5. Nc3 a6 6. Bg5 e6 7. f4 Qb6 8. Nb3
Nbd7 9. Qf3 Be7 10. Bd3 Qc7 11. a4 b6 12. O-O Bb7 13. Rac1 h6 14. Bh4 Rg8 15.
f5 g5 16. Bf2 Ne5 17. Qe2 h5 18. a5 b5 19. Bb6 Qc8 20. Nd4 h4 21. fxe6 fxe6 22.
Bxb5+ axb5 23. Ncxb5 Ba6 24. b3 Qd7 25. c4 Rc8 26. Qe3 Nfg4 27. Qe2 Rg6 28. Na7
Rb8 29. Ndb5 Rb7 30. Rcd1 h3 31. gxh3 Nf6 32. Bd4 Bxb5 33. cxb5 Rxa7 34. a6 Rb7
35. Bxe5 Rxb5 36. Bd4 Qc6 37. a7 Ra5 38. b4 1-0

[Event "15PCR_F"]
[Site "?"]
[Date "2006.??.??"]
[Round "?"]
[White "Kotrc, Michal"]
[Black "Postl, Rostislav"]
[Result "1/2-1/2"]
[WhiteElo "2204"]
[BlackElo "2314"]
[PlyCount "66"]
[EventDate "2006.??.??"]
[SourceDate "2006.08.10"]

1. e4 e5 2. Nf3 Nf6 3. Nc3 Nc6 4. Bb5 Bb4 5. O-O O-O 6. d3 d6 7. Bg5 Bxc3 8.
bxc3 h6 9. Bh4 Bd7 10. Re1 a6 11. Bc4 Na5 12. Bb3 g5 13. Bg3 g4 14. Bh4 gxf3
15. Re3 Nxb3 16. cxb3 Bg4 17. h3 Bh5 18. g4 Qd7 19. Bxf6 Bxg4 20. Kh2 Qe6 21.
Qg1 Qxf6 22. Qxg4+ Qg6 23. Rg1 Qxg4 24. hxg4 f6 25. Kg3 Rad8 26. Rh1 Kg7 27.
Kxf3 d5 28. Ke2 dxe4 29. dxe4 Rd6 30. Rd3 Rfd8 31. Rxd6 Rxd6 32. c4 Rd4 33. f3
c6 1/2-1/2

[Event "15PCR_F"]
[Site "?"]
[Date "2006.??.??"]
[Round "?"]
[White "Popelka, Miloslav"]
[Black "Pytlik, Lesek"]
[Result "1-0"]
[WhiteElo "2147"]
[BlackElo "2403"]
[PlyCount "65"]
[EventDate "2006.??.??"]
[SourceDate "2006.08.10"]

1. e4 d6 2. d4 Nf6 3. Nc3 g6 4. Be3 Bg7 5. Qd2 c6 6. f3 b5 7. g4 h5 8. g5 Nfd7
9. f4 b4 10. Nd1 c5 11. Nf3 Bb7 12. d5 O-O 13. Bd3 Nb6 14. c3 a5 15. c4 a4 16.
Rc1 N8d7 17. O-O a3 18. b3 Re8 19. Nh4 Nf8 20. f5 Nbd7 21. Be2 Qa5 22. Qe1 Ne5
23. Nf2 Nfd7 24. Nh3 Nf8 25. Nf4 Qc7 26. Qg3 Qd7 27. Bxh5 gxh5 28. Nxh5 Bh8 29.
Nf6+ exf6 30. gxf6+ Nfg6 31. Rc2 Rf8 32. Rg2 Bxf6 33. Bh6 1-0

[Event "15PCR_F"]
[Site "?"]
[Date "2006.??.??"]
[Round "?"]
[White "Juhasz, Jozef"]
[Black "Strnad, Martin"]
[Result "1-0"]
[WhiteElo "2162"]
[BlackElo "2241"]
[PlyCount "63"]
[EventDate "2006.??.??"]
[SourceDate "2006.08.10"]

1. e4 e5 2. Nf3 Nf6 3. d4 Nxe4 4. Bd3 d5 5. Nxe5 Nd7 6. O-O Nxe5 7. dxe5 Nc5 8.
Be2 Be6 9. Be3 Be7 10. f4 Qd7 11. Nc3 c6 12. b4 Ne4 13. Nxe4 dxe4 14. Qe1 O-O
15. Qc3 Bf5 16. a4 Qe6 17. a5 Rfd8 18. Rad1 Rxd1 19. Rxd1 h6 20. Bc5 Bg4 21.
Bxe7 Bxe2 22. Rd2 Bg4 23. Bd6 Qa2 24. h3 Bf5 25. Kh2 a6 26. g4 Be6 27. f5 Bd5
28. Qe3 Qa1 29. g5 hxg5 30. c4 Bxc4 31. Qxg5 e3 32. f6 1-0

[Event "15PCR_F"]
[Site "?"]
[Date "2006.??.??"]
[Round "?"]
[White "Pytlik, Lesek"]
[Black "Paulik, Vaclav"]
[Result "1/2-1/2"]
[WhiteElo "2403"]
[BlackElo "2160"]
[PlyCount "75"]
[EventDate "2006.??.??"]
[SourceDate "2006.08.10"]

1. e4 e5 2. Nf3 Nc6 3. Nc3 Nf6 4. d4 exd4 5. Nxd4 Bb4 6. Nxc6 bxc6 7. Bd3 d5 8.
exd5 cxd5 9. O-O O-O 10. Bg5 c6 11. Ne2 h6 12. Bh4 Bd6 13. Nd4 c5 14. Nb5 Bb8
15. c4 Bb7 16. Bxf6 Qxf6 17. cxd5 Qxb2 18. g3 Qe5 19. Bc4 a6 20. Na3 Qf6 21.
Rb1 Bc8 22. Re1 Be5 23. Nc2 Ra7 24. Rb3 Re8 25. f4 Bd4+ 26. Kg2 Rxe1 27. Nxe1
Re7 28. Nf3 Bf5 29. Bd3 g6 30. Bxf5 Qxf5 31. d6 Re8 32. Nxd4 Qd5+ 33. Qf3 Qxd4
34. Qd3 Qa4 35. Rb6 Qxa2+ 36. Kf3 Qxh2 37. d7 Qh1+ 38. Kf2 1/2-1/2

[Event "15PCR_F"]
[Site "?"]
[Date "2006.??.??"]
[Round "?"]
[White "Postl, Rostislav"]
[Black "Koci, Vladimir"]
[Result "1-0"]
[WhiteElo "2314"]
[BlackElo "2178"]
[PlyCount "65"]
[EventDate "2006.??.??"]
[SourceDate "2006.08.10"]

1. d4 Nf6 2. Nf3 d5 3. c4 e6 4. Nc3 c6 5. e3 Nbd7 6. Bd3 dxc4 7. Bxc4 b5 8. Bd3
a6 9. e4 c5 10. d5 c4 11. dxe6 fxe6 12. Bc2 Bb7 13. O-O b4 14. Na4 Qc7 15. Qe2
Bd6 16. Re1 Rc8 17. Ng5 Qc6 18. Qf3 O-O 19. Qh3 Rfe8 20. Be3 h6 21. Nxe6 Bxh2+
22. Qxh2 Rxe6 23. f3 Qb5 24. b3 c3 25. Rad1 Ne5 26. Qh3 Re7 27. f4 Ned7 28. e5
Nd5 29. Qg3 g5 30. fxg5 Nxe3 31. Rxe3 h5 32. e6 Nf8 33. Rd6 1-0

[Event "15PCR_F"]
[Site "?"]
[Date "2006.??.??"]
[Round "?"]
[White "Rychtecky, Pavel"]
[Black "Juhasz, Jozef"]
[Result "1/2-1/2"]
[WhiteElo "2218"]
[BlackElo "2162"]
[PlyCount "64"]
[EventDate "2006.??.??"]
[SourceDate "2006.08.10"]

1. d4 d5 2. c4 e6 3. Nc3 Nf6 4. Nf3 c6 5. Bg5 dxc4 6. e4 b5 7. e5 h6 8. Bh4 g5
9. Nxg5 hxg5 10. Bxg5 Nbd7 11. exf6 Bb7 12. g3 Qb6 13. Bg2 Rd8 14. O-O Ne5 15.
Qe2 Nd3 16. Be3 c5 17. dxc5 Bxc5 18. Bxc5 Nxc5 19. Bxb7 Qxb7 20. Qe5 Nd3 21.
Qxb5+ Qxb5 22. Nxb5 Rh5 23. Nxa7 Rd7 24. Nc8 Nxb2 25. a4 Rc5 26. Nb6 Ra7 27.
Rfc1 Rc6 28. a5 c3 29. Kg2 Nd3 30. Rc2 Nb4 31. Rcc1 Nd3 32. Rc2 Nb4 1/2-1/2

[Event "15PCR_F"]
[Site "?"]
[Date "2006.??.??"]
[Round "?"]
[White "Koci, Vladimir"]
[Black "Batka, Josef"]
[Result "0-1"]
[WhiteElo "2178"]
[BlackElo "2260"]
[PlyCount "64"]
[EventDate "2006.??.??"]
[SourceDate "2006.08.10"]

1. d4 Nf6 2. Nf3 e6 3. Bf4 c5 4. c3 d5 5. e3 Nc6 6. Nbd2 Bd6 7. Bxd6 Qxd6 8.
Bb5 O-O 9. Bxc6 Qxc6 10. Ne5 Qc7 11. O-O b6 12. f4 Ne8 13. dxc5 bxc5 14. c4 f6
15. Nd3 Nd6 16. Rc1 Ba6 17. Nb3 Ne4 18. cxd5 Qb6 19. Nbxc5 Nxc5 20. Nxc5 Bxf1
21. Kxf1 Rfc8 22. Qd4 exd5 23. Qxd5+ Kh8 24. Qd4 Qa5 25. a4 Rab8 26. b3 Rc6 27.
Rc4 Rd8 28. Nb7 Rxd4 29. Nxa5 Rcxc4 30. bxc4 Rd2 31. c5 Rc2 32. Nb7 Kg8 0-1

[Event "15PCR_F"]
[Site "?"]
[Date "2006.??.??"]
[Round "?"]
[White "Pecina, Pavel"]
[Black "Brousek, Jiri"]
[Result "1/2-1/2"]
[WhiteElo "2258"]
[BlackElo "2315"]
[PlyCount "74"]
[EventDate "2006.??.??"]
[SourceDate "2006.08.10"]

1. e4 e6 2. d4 d5 3. e5 c5 4. c3 Qb6 5. Nf3 Nc6 6. a3 cxd4 7. cxd4 Nge7 8. Nc3
Nf5 9. Na4 Qd8 10. b4 Be7 11. Bb2 O-O 12. Bd3 f6 13. O-O fxe5 14. dxe5 Bd7 15.
b5 Na5 16. Nd4 Nxd4 17. Bxd4 Rf4 18. Be3 Rf7 19. Qb1 g6 20. Nc5 b6 21. Nxd7
Qxd7 22. Rc1 Rc8 23. Rxc8+ Qxc8 24. Qe1 Qc7 25. f4 Nc4 26. Kh1 Nxe3 27. Qxe3
Qc3 28. Rf1 Bxa3 29. g3 Qb2 30. h4 Rc7 31. Rb1 Qa2 32. Rd1 Kf7 33. Qd2 Qxd2 34.
Rxd2 Rc1+ 35. Kg2 Ra1 36. Kf3 Bc5 37. Ke2 Ke7 1/2-1/2

[Event "15PCR_F"]
[Site "?"]
[Date "2006.??.??"]
[Round "?"]
[White "Kotrc, Michal"]
[Black "Paulik, Vaclav"]
[Result "1/2-1/2"]
[WhiteElo "2204"]
[BlackElo "2160"]
[PlyCount "63"]
[EventDate "2006.??.??"]
[SourceDate "2006.08.10"]

1. e4 c5 2. Nf3 Nc6 3. d4 cxd4 4. Nxd4 e5 5. Nb5 d6 6. c4 Nf6 7. N1c3 a6 8. Na3
Be6 9. Bd3 Be7 10. O-O O-O 11. b3 Rc8 12. Bb2 Nd7 13. Nc2 Nc5 14. Be2 f5 15.
exf5 Bxf5 16. Ne3 Be6 17. Ncd5 Bg5 18. Bg4 Qe8 19. b4 Bxe3 20. Bxe6+ Qxe6 21.
fxe3 Rxf1+ 22. Qxf1 Na4 23. Ba3 e4 24. Rc1 Ne5 25. Qd1 Qd7 26. Qd4 b5 27. Qxe4
Rxc4 28. Rxc4 Nxc4 29. Bc1 Qf7 30. Ne7+ Kf8 31. Nd5 Kg8 32. Ne7+ 1/2-1/2

[Event "15PCR_F"]
[Site "?"]
[Date "2006.??.??"]
[Round "?"]
[White "Rychtecky, Pavel"]
[Black "Brousek, Jiri"]
[Result "1/2-1/2"]
[WhiteElo "2218"]
[BlackElo "2315"]
[PlyCount "72"]
[EventDate "2006.??.??"]
[SourceDate "2006.08.10"]

1. e4 e6 2. d4 d5 3. Nd2 Nf6 4. e5 Nfd7 5. Bd3 c5 6. c3 Nc6 7. Ne2 cxd4 8. cxd4
Qb6 9. Nf3 f6 10. exf6 Nxf6 11. O-O Bd6 12. Nc3 O-O 13. Be3 Bd7 14. Re1 Kh8 15.
Rc1 Ng4 16. Qe2 Be8 17. Nb5 Be7 18. Bd2 e5 19. dxe5 Bh5 20. Be3 Nxe3 21. Qxe3
Bxf3 22. gxf3 Qxe3 23. fxe3 Nxe5 24. Red1 Rxf3 25. Nc7 Nxd3 26. Rxd3 Rc8 27.
Rdd1 Rf5 28. Ne6 Rxc1 29. Rxc1 h5 30. Rc8+ Kh7 31. Rc7 Bh4 32. Rxg7+ Kh6 33.
Nd4 Rf6 34. Rg2 Bg5 35. Re2 Kg6 36. Kg2 Bh6 1/2-1/2

[Event "15PCR_F"]
[Site "?"]
[Date "2006.??.??"]
[Round "?"]
[White "Rychtecky, Pavel"]
[Black "Popelka, Miloslav"]
[Result "1/2-1/2"]
[WhiteElo "2218"]
[BlackElo "2147"]
[PlyCount "60"]
[EventDate "2006.??.??"]
[SourceDate "2006.08.10"]

1. e4 c5 2. Nf3 d6 3. d4 cxd4 4. Nxd4 Nf6 5. Nc3 a6 6. Bg5 e6 7. f4 Qb6 8. Qd2
Qxb2 9. Nb3 Qa3 10. Bxf6 gxf6 11. Be2 Nc6 12. O-O Bd7 13. Kh1 Be7 14. Bh5 Rg8
15. Rae1 Rg7 16. Rf3 O-O-O 17. Nd5 exd5 18. exd5 Ne5 19. fxe5 dxe5 20. Rb1 Qb4
21. Qxb4 Bxb4 22. Rxf6 Be7 23. Rxf7 Rxf7 24. Bxf7 Rf8 25. Be6 Rf2 26. Rc1 Bxe6
27. dxe6 Rf6 28. Re1 Rxe6 29. Nd4 Rb6 30. Nb3 Bd6 1/2-1/2

[Event "15PCR_F"]
[Site "?"]
[Date "2006.??.??"]
[Round "?"]
[White "Hrubcik, Martin"]
[Black "Popelka, Miloslav"]
[Result "0-1"]
[WhiteElo "2199"]
[BlackElo "2147"]
[PlyCount "59"]
[EventDate "2006.??.??"]
[SourceDate "2006.08.10"]

1. e4 c5 2. Nf3 d6 3. d4 cxd4 4. Nxd4 Nf6 5. Nc3 a6 6. Bg5 e6 7. f4 Qb6 8. Nb3
Nbd7 9. Qf3 Be7 10. O-O-O Qc7 11. Bd3 b5 12. Kb1 Bb7 13. Rhe1 b4 14. Ne2 Rc8
15. Ned4 Nc5 16. g4 O-O 17. Bxf6 Bxf6 18. g5 Bxd4 19. Nxd4 Rfd8 20. h4 e5 21.
Nb3 Ne6 22. f5 Nf4 23. Qf2 a5 24. Bb5 d5 25. exd5 Rxd5 26. Rxd5 Bxd5 27. f6 Be6
28. Ba6 Rd8 29. fxg7 Bf5 30. Bb5 0-1

[Event "15PCR_F"]
[Site "?"]
[Date "2006.??.??"]
[Round "?"]
[White "Brousek, Jiri"]
[Black "Hrdy, Roman"]
[Result "1-0"]
[WhiteElo "2315"]
[BlackElo "2260"]
[PlyCount "107"]
[EventDate "2006.??.??"]
[SourceDate "2006.08.10"]

1. d4 f5 2. g3 Nf6 3. Bg2 d5 4. c4 e6 5. Nh3 c6 6. O-O Bd6 7. Bg5 O-O 8. Nd2
Nbd7 9. Qc2 Qe8 10. Bf4 Be7 11. Ng5 Bd8 12. Qb3 h6 13. Ngf3 Ne4 14. Nxe4 fxe4
15. Nd2 Bb6 16. Bd6 Bxd4 17. Bxf8 Qxf8 18. Rad1 Bb6 19. Bh3 Qf7 20. Kg2 Nf6 21.
Qa3 Qg6 22. Qd6 Qf7 23. f3 e3 24. Nb1 dxc4 25. Rc1 Nd5 26. Rxc4 Bc7 27. Qa3 Bd7
28. Nc3 b5 29. Nxd5 exd5 30. Rh4 Bxh3+ 31. Rxh3 Qe6 32. Rh4 Bd8 33. Rf4 Bf6 34.
Rc1 a5 35. Qb3 Re8 36. Qc2 Rc8 37. Qf5 Re8 38. Qb1 Qd6 39. a4 b4 40. b3 Re6 41.
Qd3 Bb2 42. Rd1 Qc5 43. h4 Bc3 44. Rg4 Bd2 45. Qa6 Rf6 46. Qc8+ Rf8 47. Qd7 Qc3
48. h5 Rf7 49. Qe6 Qf6 50. Qc8+ Rf8 51. Qc7 Kh7 52. Rg5 Qb2 53. Qe7 Kg8 54. Rb1
1-0

[Event "15PCR_F"]
[Site "?"]
[Date "2006.??.??"]
[Round "?"]
[White "Popelka, Miloslav"]
[Black "Strnad, Martin"]
[Result "1/2-1/2"]
[WhiteElo "2147"]
[BlackElo "2241"]
[PlyCount "68"]
[EventDate "2006.??.??"]
[SourceDate "2006.08.10"]

1. e4 e5 2. Nf3 Nf6 3. Nxe5 d6 4. Nf3 Nxe4 5. d4 d5 6. Bd3 Nc6 7. O-O Be7 8. c4
Nb4 9. Be2 O-O 10. Nc3 Be6 11. Ne5 c5 12. Nxe4 dxe4 13. d5 Bc8 14. a3 Na6 15.
f4 f6 16. Ng4 Bxg4 17. Bxg4 f5 18. Bh3 Bf6 19. Qe2 Bd4+ 20. Be3 Nc7 21. Rad1
Bxe3+ 22. Qxe3 Qd6 23. Rd2 Ne8 24. g4 Nf6 25. gxf5 Rae8 26. b3 Rf7 27. Re2 b5
28. Bg2 bxc4 29. bxc4 Kh8 30. Kh1 Rb7 31. Rfe1 Kg8 32. Qg3 Qa6 33. Qc3 Rbe7 34.
Rb2 Rb7 1/2-1/2

[Event "15PCR_F"]
[Site "?"]
[Date "2006.??.??"]
[Round "?"]
[White "Jirku, Jaroslav"]
[Black "Hrdy, Roman"]
[Result "1-0"]
[WhiteElo "2278"]
[BlackElo "2260"]
[PlyCount "63"]
[EventDate "2006.??.??"]
[SourceDate "2006.08.10"]

1. e4 c5 2. Nf3 d6 3. d4 cxd4 4. Nxd4 Nf6 5. Nc3 a6 6. Bg5 e6 7. f4 Qb6 8. Qd2
Qxb2 9. Rb1 Qa3 10. Be2 Be7 11. O-O h6 12. Bh4 Nbd7 13. Kh1 Nc5 14. Bxf6 Bxf6
15. Bb5+ axb5 16. Ndxb5 Qa5 17. e5 Be7 18. exd6 Bd8 19. Qd4 Nd7 20. Nc7+ Kf8
21. Nxa8 Qxa8 22. f5 e5 23. Qd5 Qa6 24. Nb5 Bb6 25. Rf3 Bc5 26. Rc3 b6 27. Nc7
Qb7 28. Qxb7 Bxb7 29. Rxc5 Nxc5 30. Rxb6 h5 31. a4 Nxa4 32. Rxb7 1-0

[Event "15PCR_F"]
[Site "?"]
[Date "2006.??.??"]
[Round "?"]
[White "Brousek, Jiri"]
[Black "Prchly, Milos"]
[Result "1/2-1/2"]
[WhiteElo "2315"]
[BlackElo "2269"]
[PlyCount "75"]
[EventDate "2006.??.??"]
[SourceDate "2006.08.10"]

1. d4 Nf6 2. Nf3 d5 3. e3 c5 4. b3 e6 5. Bd3 Nc6 6. O-O Bd6 7. Bb2 O-O 8. dxc5
Bxc5 9. a3 Qc7 10. Nbd2 e5 11. c4 dxc4 12. Bxc4 e4 13. Ng5 Ng4 14. g3 Nge5 15.
Qc2 h6 16. Ngxe4 Nxc4 17. Nxc4 Be7 18. Nc3 Be6 19. Nb5 Qb8 20. Rfe1 a6 21. Nd4
Nxd4 22. exd4 Qc7 23. Qe4 Rfd8 24. Rad1 Bxc4 25. bxc4 Bf6 26. c5 b6 27. c6 Rd6
28. Rc1 Rc8 29. a4 Rxc6 30. d5 Rc4 31. Rxc4 Qxc4 32. Bxf6 Qxe4 33. Rxe4 gxf6
34. Rb4 Rb8 35. f3 Kf8 36. Kf2 Ke7 37. Ke3 b5 38. Kd4 1/2-1/2

[Event "15PCR_F"]
[Site "?"]
[Date "2006.??.??"]
[Round "?"]
[White "Juhasz, Jozef"]
[Black "Prchly, Milos"]
[Result "1/2-1/2"]
[WhiteElo "2162"]
[BlackElo "2269"]
[PlyCount "75"]
[EventDate "2006.??.??"]
[SourceDate "2006.08.10"]

1. e4 e5 2. Nf3 Nf6 3. Nxe5 d6 4. Nf3 Nxe4 5. d4 d5 6. Bd3 Be7 7. Nbd2 Nxd2 8.
Qxd2 O-O 9. O-O Nc6 10. c3 Bd6 11. Re1 Qf6 12. Qg5 Qxg5 13. Bxg5 h6 14. Bd2 Ne7
15. h3 Re8 16. b3 Bf5 17. Bxf5 Nxf5 18. g4 Ne7 19. Kf1 Ng6 20. h4 Nf4 21. Rad1
c6 22. h5 g5 23. hxg6 fxg6 24. Ne5 Bxe5 25. dxe5 Nd3 26. Re3 Nc5 27. Bc1 g5 28.
Kg2 Kg7 29. Rh1 Ne6 30. Reh3 Rh8 31. Be3 Raf8 32. Rf3 b6 33. c4 Rxf3 34. Kxf3
Rf8+ 35. Kg3 d4 36. Bc1 c5 37. Bd2 a6 38. a4 1/2-1/2